MARC details
| 000 -LEADER |
| fixed length control field |
01750cam a2200361 a 4500 |
| 001 - CONTROL NUMBER |
| control field |
6128836 |
| 003 - CONTROL NUMBER IDENTIFIER |
| control field |
ARRUPE |
| 005 - DATE AND TIME OF LATEST TRANSACTION |
| control field |
20150210150410.0 |
| 008 - FIXED-LENGTH DATA ELEMENTS--GENERAL INFORMATION |
| fixed length control field |
061212s2006 tnu b 000 0 eng d |
| 020 ## - INTERNATIONAL STANDARD BOOK NUMBER |
| International Standard Book Number |
0849902177 (v. 18A) |
| 020 ## - INTERNATIONAL STANDARD BOOK NUMBER |
| International Standard Book Number |
9780849902178 (v. 18A) |
| 029 1# - (OCLC) |
| OCLC library identifier |
YDXCP |
| System control number |
1539168 |
| 035 ## - SYSTEM CONTROL NUMBER |
| System control number |
(OCoLC)ocm76949915 |
| 035 ## - SYSTEM CONTROL NUMBER |
| System control number |
(OCoLC)76949915 |
| 035 ## - SYSTEM CONTROL NUMBER |
| System control number |
(NNC)6128836 |
| 040 ## - CATALOGING SOURCE |
| Original cataloging agency |
DWT |
| Transcribing agency |
DWT |
| Modifying agency |
RMC |
| -- |
BAKER |
| -- |
YDXCP |
| -- |
OrLoB-B |
| 050 ## - LIBRARY OF CONGRESS CALL NUMBER |
| Classification number |
BS491.2 |
| Item number |
W67 |
| 092 ## - LOCALLY ASSIGNED DEWEY CALL NUMBER (OCLC) |
| Classification number |
R220.7 W924 v.18A |
| 300 ## - PHYSICAL DESCRIPTION |
| Dimensions |
24 cm. |
| 100 1# - MAIN ENTRY--PERSONAL NAME |
| Personal name |
Clines, David J. A. |
| 9 (RLIN) |
15037 |
| 245 10 - TITLE STATEMENT |
| Title |
Job 21-37 / |
| Statement of responsibility, etc |
David J.A. Clines. |
| 246 3# - VARYING FORM OF TITLE |
| Title proper/short title |
Job twenty-one-thirty-seven |
| 260 ## - PUBLICATION, DISTRIBUTION, ETC. (IMPRINT) |
| Place of publication, distribution, etc |
Nashville : |
| Name of publisher, distributor, etc |
Thomas Nelson Publishers, |
| Date of publication, distribution, etc |
c2006. |
| 300 ## - PHYSICAL DESCRIPTION |
| Extent |
xxiv, [503]-1038 p. ; |
| 490 1# - SERIES STATEMENT |
| Series statement |
Word biblical commentary ; |
| Volume number/sequential designation |
v. 18A |
| 504 ## - BIBLIOGRAPHY, ETC. NOTE |
| Bibliography, etc |
Includes bibliographical references. |
| 505 00 - FORMATTED CONTENTS NOTE |
| Title |
The Third Cycle (21:1-27:23) -- |
| -- |
Job's Seventh Speech (21:1-34) -- |
| -- |
Eliphaz's Third Speech (22:1-30) -- |
| -- |
Job's Eighth Speech (23:1-17; 24:1-17, 25) -- |
| -- |
Bildad's Third Speech (25:1-26:14) -- |
| -- |
Job's Ninth Speech (27:1-6, 11-12) -- |
| -- |
Zophar's Third Speech (27:7-10, 13-17; 24:18-24; 27:18-23) -- |
| -- |
Elihu's Speeches (32:1-37:24; 28:1-28) -- |
| -- |
Elihu's First Speech (32:1-33:33) -- |
| -- |
Elihu's Second Speech (34:1-37) -- |
| -- |
Elihu's Third Speech (35:1-16) -- |
| -- |
Elihu's Fourth Speech (36:1-37:24) -- |
| -- |
Elihu's Fourth Speech Concluded (The Poem on Wisdom) (28:1-28) -- |
| -- |
Job's Final Speech (29:1-31:40). |
| 630 00 - SUBJECT ADDED ENTRY--UNIFORM TITLE |
| Uniform title |
Bible. |
| Name of part/section of a work |
Job, XXI-XXXVII |
| Form subdivision |
Commentaries. |
| 9 (RLIN) |
15039 |
| 730 02 - ADDED ENTRY--UNIFORM TITLE |
| Uniform title |
Bible. |
| Name of part/section of a work |
Job, XXI-XXXVII. |
| Language of a work |
English. |
| Version |
Clines. |
| Date of a work |
2006. |
| 9 (RLIN) |
15040 |
| 830 #0 - SERIES ADDED ENTRY--UNIFORM TITLE |
| Uniform title |
Word biblical commentary ; |
| Volume number/sequential designation |
v. 18A. |
| 9 (RLIN) |
15041 |
| 900 ## - EQUIVALENCE OR CROSS-REFERENCE-PERSONAL NAME [LOCAL, CANADA] |
| Numeration |
TOC |
| 942 ## - ADDED ENTRY ELEMENTS (KOHA) |
| Source of classification or shelving scheme |
Library of Congress Classification |
| Koha item type |
Monograph ( Printed materials) |
| 948 1# - LOCAL PROCESSING INFORMATION (OCLC); SERIES PART DESIGNATOR (RLIN) |
| Series part designator, SPT (RLIN) |
20070402 |
| b (OCLC) |
c |
| c (OCLC) |
oc2016 |
| d (OCLC) |
MPS |